|
|
|
|
| LEADER |
01254nam a2200253 a 4500 |
| 001 |
c000211548 |
| 003 |
CARM |
| 005 |
20021125002300.0 |
| 008 |
890626s1970 nju 00000 eng d |
| 019 |
1 |
|
|a 5003095
|5 LACONCORD2021
|
| 035 |
|
|
|a (OCoLC)219940545
|5 LACONCORD2021
|
| 040 |
|
|
|a NUN
|c NUN
|
| 111 |
2 |
0 |
|a Invitational Conference on Testing Problems
|d (1969 :
|c New York, N.Y.)
|
| 245 |
1 |
0 |
|a Toward a theory of achievement measurement /
|c proceedings of the 1969 Invitational Conference on Testing Problems, November 1, 1969, Hotel Roosevelt, New York City ; Philip H. DuBois, chairman.
|
| 260 |
|
|
|a Princeton, N.J. :
|b Educational Testing Service,
|c [1970]
|
| 300 |
|
|
|a vii, 17 p.
|
| 490 |
1 |
|
|a Proceedings of the Invitational Conference on Testing Problems, 1969
|
| 650 |
|
0 |
|a Educational tests and measurements
|x Congresses.
|
| 700 |
1 |
|
|a DuBois, Philip H.
|q (Philip Hunter),
|d 1903-
|
| 710 |
2 |
|
|a Educational Testing Service (U.S.)
|
| 811 |
2 |
|
|a Invitational Conference on Testing Problems.
|t Proceedings ;
|v 1969.
|
| 852 |
8 |
|
|b CARM
|h A2:AO32A0
|i B06486
|p 0300176
|f BK
|
| 999 |
f |
f |
|i 9305cab2-9f9e-5c3e-88c9-365febd12eb7
|s aef86633-04e0-5032-b830-3ce15fca6864
|
| 952 |
f |
f |
|p Can circulate
|a CAVAL
|b CAVAL
|c CAVAL
|d CARM 1 Store
|e B06486
|f A2:AO32A0
|h Other scheme
|i book
|m 0300176
|